00686nam a2200169 a 4500003000200000005001700002008004100019050003100060100003600091245010100127260009000228300004000318504004100358650004800399650002800447650004100475020250213101949.0130129s19uu xx 00 eng d aPHS RA 781.S43b.R175 2012 aRamos, Matthew Gerard Mendiola. aThe relationship of sedentary lifestyle and emotional quotient /cMatthew Gerard Mendiola Ramos. aLas Piñas City, Philippines :bSouthville International School and Colleges,c2012. a30 pages :billustrations ;c28 cm. aIncludes bibliographical references. aSedentary lifestylexPsychological aspects. aEmotional intelligence. aPhysical inactivityxHealth aspects.